| Tag |
First Indicator |
Second Indicator |
Subfields |
| LEADER |
00000cam a2200000 4500 |
| 001 |
in00000053422 |
| 005 |
20151007070241.0 |
| 008 |
740912s1941 nyua 00000 eng u |
| 010 |
|
|
|a 41005270
|
| 035 |
|
|
|a (OCoLC)01005974
|
| 035 |
|
|
|9 AAE3648AM
|
| 040 |
|
|
|c ITD
|d TXA
|d UtOrBLW
|
| 049 |
|
|
|a TXAM
|c [148612]
|
| 050 |
0 |
0 |
|a QD64
|b .H3 1941
|
| 082 |
0 |
|
|a 523
|
| 092 |
|
|
|a 523
|b N532
|
| 245 |
0 |
0 |
|a New handbook of the heavens /
|c by Hubert J. Bernhard, Dorothy A. Bennett, A.B. [and] Hugh S. Rice, A.M. ...
|
| 264 |
|
1 |
|a New York,
|a London :
|b Whittlesey house, McGraw-Hill book company, inc.,
|c [1941]
|
| 264 |
|
4 |
|c [©1941]
|
| 300 |
|
|
|a xi, 299 pages including frontispiece, illustrations, diagrams ;
|c 24 cm.
|
| 336 |
|
|
|a text
|b txt
|2 rdacontent
|
| 337 |
|
|
|a unmediated
|b n
|2 rdamedia
|
| 338 |
|
|
|a volume
|b nc
|2 rdacarrier
|
| 500 |
|
|
|a "An entirely rewritten and greatly enlarged version of Handbook of the heavens ... the various chapters [of which] were written by individual members of the Junior astronomy club."--Pref.
|
| 650 |
|
0 |
|a Astronomy
|v Observers' manuals.
|
| 700 |
1 |
|
|a Bernhard, Hubert J.
|q (Hubert Jay),
|d 1916-
|
| 700 |
1 |
|
|a Bennett, Dorothy A.
|q (Dorothy Agnes),
|d 1909-1999.
|
| 700 |
1 |
|
|a Rice, Hugh S.
|q (Hugh Smith),
|d 1891-
|
| 710 |
2 |
|
|a Hayden Planetarium.
|b Junior Astronomy Club.
|
| 999 |
|
|
|a MARS
|
| 999 |
f |
f |
|s 3c2a4ea9-f9da-3b5b-be30-3b4867f926d7
|i dd0d5680-ca1b-33fa-b023-7bc373c7510e
|t 0
|
| 952 |
f |
f |
|p ric
|a Texas A&M University
|b Rellis Campus
|c Joint Library Facility
|d Remote Storage
|t 0
|e QD64 .H3 1941
|h Library of Congress classification
|i unmediated -- volume
|m A14800900207
|
| 998 |
f |
f |
|a QD64 .H3 1941
|t 0
|l Remote Storage
|